[Event "Madrid ch - Previa A"]
[Site "Madrid ESP"]
[Date "2007.11.12"]
[Round "4.1"]
[White "Vallejo Nuño, Jorge"]
[Black "Perez Cameselle, Francisco Jose"]
[Result "1-0"]
[WhiteElo "1993"]
[BlackElo "1997"]
[PlyCount "75"]
[EventDate "2007.11.05"]
[EventType "swiss"]
[EventRounds "9"]
[EventCountry "ESP"]
[Source "lmi"]
[SourceDate "2007.11.05"]

1. e4 g6 2. d4 Bg7 3. Nf3 c6 4. Bd3 d5 5. e5 Bg4 6. Nbd2 e6 7. h3 Bxf3 8. Nxf3
Ne7 9. O-O O-O 10. Re1 Qc7 11. Bg5 c5 12. c3 c4 13. Bc2 Nbc6 14. Qc1 b5 15. h4
b4 16. Bh6 bxc3 17. Bxg7 Kxg7 18. bxc3 Qa5 19. Qf4 f5 20. Ng5 Nd8 21. Re3 h6
22. h5 hxg5 23. Qxg5 Kf7 24. hxg6+ Ke8 25. g7 Rg8 26. Rh3 Kd7 27. Qf6 Rb8 28.
Rh8 Qxc3 29. Ba4+ Ndc6 30. Rf1 Qa5 31. Bxc6+ Nxc6 32. Rh6 Rbe8 33. Qf7+ Ne7 34.
Qxe6+ Kd8 35. Qd6+ Kc8 36. Rb1 Qc7 37. Qa6+ Kd8 38. Rd6+ 1-0

[Event "Madrid ch - Previa A"]
[Site "Madrid ESP"]
[Date "2007.11.12"]
[Round "4.3"]
[White "Lopez Heras, Arturo"]
[Black "Martin Martin, Luis Vicente"]
[Result "0-1"]
[WhiteElo "2072"]
[BlackElo "2089"]
[PlyCount "52"]
[EventDate "2007.11.05"]
[EventType "swiss"]
[EventRounds "9"]
[EventCountry "ESP"]
[Source "lmi"]
[SourceDate "2007.11.05"]

1. e4 e6 2. d4 d5 3. e5 c5 4. c3 Qb6 5. Nf3 Nc6 6. a3 c4 7. Be2 f6 8. Nbd2 fxe5
9. Nxe5 Nxe5 10. dxe5 Bc5 11. O-O Ne7 12. b4 cxb3 13. Nxb3 O-O 14. Nxc5 Qxc5
15. Qb3 Qc7 16. f4 Bd7 17. c4 Rac8 18. cxd5 Nxd5 19. Rb1 Nc3 20. Rb2 Qc5+ 21.
Kh1 Nxe2 22. Be3 Qc3 23. Qxc3 Nxc3 24. Rxb7 Bb5 25. Rc1 a6 26. Rb6 Nd5 0-1

[Event "Madrid ch - Previa A"]
[Site "Madrid ESP"]
[Date "2007.11.12"]
[Round "4.4"]
[White "Sotnikov, Taras"]
[Black "Alvarez Abejon, Amilcar"]
[Result "0-1"]
[WhiteElo "1936"]
[BlackElo "2076"]
[PlyCount "66"]
[EventDate "2007.11.05"]
[EventType "swiss"]
[EventRounds "9"]
[EventCountry "ESP"]
[Source "lmi"]
[SourceDate "2007.11.05"]

1. e4 c5 2. Nf3 e6 3. d3 d5 4. Nbd2 Nc6 5. g3 Nf6 6. Bg2 Be7 7. O-O b5 8. c3 a5
9. Nh4 Bb7 10. f4 O-O 11. e5 Nd7 12. Qg4 Bxh4 13. gxh4 Ne7 14. Nf3 Nf5 15. Kh1
b4 16. Rg1 a4 17. d4 Ba6 18. Bd2 bxc3 19. bxc3 Be2 20. Rae1 Bd3 21. h5 Be4 22.
Ng5 Bxg2+ 23. Rxg2 Nb6 24. Reg1 Nc4 25. Nf3 Rb8 26. dxc5 g6 27. Re1 Rb2 28. Bc1
Rxg2 29. Qxg2 Qa5 30. hxg6 fxg6 31. h4 Qxc3 32. h5 Nh4 33. Qf2 Qxf3+ 0-1

[Event "Madrid ch - Previa A"]
[Site "Madrid ESP"]
[Date "2007.11.12"]
[Round "4.5"]
[White "Ortega Sanchez, Ainhoa"]
[Black "Vukotic Jovsic, Dragan"]
[Result "0-1"]
[WhiteElo "1812"]
[BlackElo "2035"]
[PlyCount "82"]
[EventDate "2007.11.05"]
[EventType "swiss"]
[EventRounds "9"]
[EventCountry "ESP"]
[Source "lmi"]
[SourceDate "2007.11.05"]

1. d4 d5 2. Bg5 Nf6 3. Bxf6 exf6 4. e3 Bd6 5. g3 Bf5 6. Bg2 c6 7. Ne2 O-O 8.
Nd2 Na6 9. a3 Re8 10. O-O Qd7 11. Re1 Bh3 12. c4 Bxg2 13. Kxg2 Nc7 14. Rc1 f5
15. Nc3 dxc4 16. Nxc4 Re6 17. Nxd6 Rxd6 18. b4 Rh6 19. h4 a5 20. Na4 Nd5 21.
Nc5 Qc7 22. Nd3 axb4 23. axb4 Qe7 24. Qc2 Qe4+ 25. Kg1 g5 26. Nc5 Qg4 27. hxg5
Qxg5 28. Nd3 Qg4 29. Kg2 Qe4+ 30. f3 Nxe3+ 31. Rxe3 Qxe3 32. Rd1 Ra3 33. Ne5 f4
34. g4 b5 35. Nd3 Qxd4 36. Qe2 Re6 37. Qc2 Rc3 38. Qb2 Qc4 39. Qb1 Re2+ 40. Kg1
Qd4+ 41. Kh1 Qe3 0-1

[Event "Madrid ch - Previa A"]
[Site "Madrid ESP"]
[Date "2007.11.12"]
[Round "4.8"]
[White "Boni de Aristizabal, Marco"]
[Black "Garcia Gonzalez, Pedro"]
[Result "1-0"]
[WhiteElo "1937"]
[BlackElo "1921"]
[PlyCount "25"]
[EventDate "2007.11.05"]
[EventType "swiss"]
[EventRounds "9"]
[EventCountry "ESP"]
[Source "lmi"]
[SourceDate "2007.11.05"]

1. e4 e5 2. Nf3 Nc6 3. Bb5 a6 4. Ba4 Nf6 5. O-O Be7 6. Re1 b5 7. Bb3 O-O 8. c3
d6 9. h3 Nb8 10. d4 Nbd7 11. Nbd2 Re8 12. Bxf7+ Kxf7 13. Ng5+ 1-0

[Event "Madrid ch - Previa A"]
[Site "Madrid ESP"]
[Date "2007.11.12"]
[Round "4.9"]
[White "Maseda, Luis"]
[Black "Pardo Robles, Jose Manuel"]
[Result "1-0"]
[WhiteElo "1976"]
[BlackElo "2005"]
[PlyCount "111"]
[EventDate "2007.11.05"]
[EventType "swiss"]
[EventRounds "9"]
[EventCountry "ESP"]
[Source "lmi"]
[SourceDate "2007.11.05"]

1. d4 Nf6 2. c4 g6 3. Nc3 Bg7 4. e4 d6 5. Nge2 c6 6. Ng3 a6 7. a4 a5 8. Be2 Na6
9. Bg5 h6 10. Be3 Qc7 11. h3 Bd7 12. Qd2 h5 13. f4 h4 14. Nf1 e5 15. fxe5 dxe5
16. Nh2 exd4 17. Bxd4 Qg3+ 18. Kf1 Nb4 19. Bf2 Qe5 20. Rd1 c5 21. Ng4 Qc7 22.
Nxf6+ Bxf6 23. Nd5 Nxd5 24. exd5 Bxa4 25. d6 Qc8 26. Bg4 Bd7 27. Qe3+ Kd8 28.
Bf3 g5 29. Qb3 Bc6 30. Qb6+ Ke8 31. d7+ Bxd7 32. Qxf6 Rg8 33. Bd5 Be6 34. Re1
Ra6 35. Qf3 Rb6 36. Qa3 Rb4 37. Qxa5 b6 38. Qa3 Rg6 39. Qc3 Ke7 40. Qe5 Qd7 41.
Ra1 Ra4 42. Ke2 Kf8 43. b3 Rxa1 44. Rxa1 Bxd5 45. cxd5 Qb5+ 46. Kf3 Qe8 47.
Qxe8+ Kxe8 48. Ra8+ Kd7 49. Ke4 Rf6 50. Be3 Rg6 51. Ra7+ Ke8 52. Ke5 Kf8 53.
Rb7 Kg7 54. Kf5 Kf8 55. Bxg5 Rd6 56. Be7+ 1-0

[Event "Madrid ch - Previa A"]
[Site "Madrid ESP"]
[Date "2007.11.12"]
[Round "4.12"]
[White "Benitez Cardenas, Luis Miguel"]
[Black "Camarero Izquierdo, Juan Carlos"]
[Result "0-1"]
[WhiteElo "1785"]
[BlackElo "2008"]
[PlyCount "94"]
[EventDate "2007.11.05"]
[EventType "swiss"]
[EventRounds "9"]
[EventCountry "ESP"]
[Source "lmi"]
[SourceDate "2007.11.05"]

1. d4 d5 2. c4 c6 3. cxd5 Qxd5 4. Nc3 Qa5 5. Nf3 Nf6 6. Bd2 Qb6 7. Qb3 Qxb3 8.
axb3 Na6 9. Na2 Be6 10. e3 Bxb3 11. Bxa6 bxa6 12. O-O e6 13. Rfc1 Bd5 14. Ne5
Ne4 15. Be1 Rb8 16. Nxc6 Rb7 17. Ncb4 Bxa2 18. Nxa2 Kd7 19. Nc3 Nxc3 20. Bxc3
Rb6 21. Ba5 Rc6 22. Bd2 Rxc1+ 23. Bxc1 Kc7 24. Rxa6 Kb7 25. Ra2 Bd6 26. Bd2 Rc8
27. g3 Rc6 28. Kf1 Ra6 29. Rxa6 Kxa6 30. Ke2 Kb5 31. Kd3 a5 32. e4 e5 33. Bc3
exd4 34. Bxd4 f6 35. f4 Bc5 36. e5 Bxd4 37. Kxd4 fxe5+ 38. fxe5 Kc6 39. Kc4 a4
40. e6 Kd6 41. e7 Kxe7 42. Kb4 Kf6 43. Kxa4 Kf5 44. Kb4 Kg4 45. Kc4 Kh3 46. Kd4
Kxh2 47. g4 Kg3 0-1

[Event "Madrid ch - Previa A"]
[Site "Madrid ESP"]
[Date "2007.11.13"]
[Round "5.1"]
[White "Cortes Jurado, Rafael"]
[Black "Vallejo Nuño, Jorge"]
[Result "0-1"]
[WhiteElo "2086"]
[BlackElo "1993"]
[PlyCount "104"]
[EventDate "2007.11.05"]
[EventType "swiss"]
[EventRounds "9"]
[EventCountry "ESP"]
[Source "lmi"]
[SourceDate "2007.11.05"]

1. e4 e5 2. Nf3 Nf6 3. d4 exd4 4. e5 Ne4 5. Qxd4 f5 6. exf6 Nxf6 7. Bd3 Nc6 8.
Qh4 Bc5 9. O-O d5 10. Bg6+ Kf8 11. Bg5 Kg8 12. Bd3 Nb4 13. Re1 Nxd3 14. cxd3
Bf5 15. Nc3 c6 16. Re5 Bd7 17. Rae1 h6 18. Bf4 Kf7 19. R5e2 Re8 20. Ne5+ Kg8
21. Bxh6 gxh6 22. Qxh6 Bf8 23. Qg6+ Bg7 24. Qf7+ Kh7 25. Nxd7 Rxe2 26. Rxe2
Qxd7 27. Re7 Qxe7 28. Qxe7 Re8 29. Qxe8 Nxe8 30. g4 Bxc3 31. bxc3 Nd6 32. f4
Nb5 33. c4 dxc4 34. dxc4 Nd6 35. c5 Ne4 36. Kg2 Nxc5 37. Kf3 Nd7 38. Ke4 b5 39.
Kf5 c5 40. Ke6 c4 41. Kf7 c3 42. g5 Nf8 43. f5 c2 44. g6+ Nxg6 45. fxg6+ Kh6
46. g7 c1=Q 47. g8=Q Qc4+ 48. Kf8 Qxg8+ 49. Kxg8 a5 50. Kf7 b4 51. Ke6 a4 52.
Kd5 b3 0-1

[Event "Madrid ch - Previa A"]
[Site "Madrid ESP"]
[Date "2007.11.13"]
[Round "5.2"]
[White "Martin Martin, Luis Vicente"]
[Black "Sanchez Alvarez, Jorge"]
[Result "1/2-1/2"]
[WhiteElo "2089"]
[BlackElo "2028"]
[PlyCount "119"]
[EventDate "2007.11.05"]
[EventType "swiss"]
[EventRounds "9"]
[EventCountry "ESP"]
[Source "lmi"]
[SourceDate "2007.11.05"]

1. d4 d5 2. Bf4 Nf6 3. Nf3 e6 4. e3 c5 5. c3 Bd6 6. Ne5 O-O 7. Nd2 Nc6 8. Bg3
Qc7 9. f4 Ne4 10. Bd3 f5 11. O-O Bd7 12. Bh4 Be8 13. g4 g6 14. Kh1 Nxe5 15.
fxe5 Be7 16. Bxe7 Qxe7 17. Nxe4 dxe4 18. Bc4 b5 19. Bb3 Rd8 20. gxf5 gxf5 21.
Rf4 Kh8 22. Qe1 Bh5 23. Bd1 Bxd1 24. Rxd1 Rg8 25. Qf2 Qg5 26. Rg1 Qh5 27. Rf1
cxd4 28. cxd4 Rg7 29. Rh4 Qg5 30. Rg1 Qxg1+ 31. Qxg1 Rxg1+ 32. Kxg1 Kg7 33. Rf4
Kg6 34. Rf2 Rc8 35. Kg2 b4 36. Kg3 a5 37. Kf4 Rc1 38. d5 exd5 39. Rg2+ Kf7 40.
Kxf5 Rf1+ 41. Kg5 a4 42. Kh6 b3 43. axb3 axb3 44. Rg7+ Ke6 45. Rb7 Rf2 46. Rxb3
Rxh2+ 47. Kg5 Kxe5 48. Rb8 h5 49. b4 h4 50. Re8+ Kd6 51. Kf4 Rf2+ 52. Kg4 h3
53. Rh8 h2 54. Rh6+ Kc7 55. b5 Rf3 56. Rxh2 Rxe3 57. Rd2 Rd3 58. Rxd3 exd3 59.
Kf3 Kb6 60. Ke3 1/2-1/2

[Event "Madrid ch - Previa A"]
[Site "Madrid ESP"]
[Date "2007.11.13"]
[Round "5.5"]
[White "Ortega Morales, Pedro"]
[Black "Lopez Heras, Arturo"]
[Result "0-1"]
[WhiteElo "1944"]
[BlackElo "2072"]
[PlyCount "32"]
[EventDate "2007.11.05"]
[EventType "swiss"]
[EventRounds "9"]
[EventCountry "ESP"]
[Source "lmi"]
[SourceDate "2007.11.05"]

1. d4 Nf6 2. Bf4 e6 3. e3 c5 4. c3 Nc6 5. Nf3 Be7 6. Ne5 cxd4 7. exd4 O-O 8.
Bd3 d6 9. Nxc6 bxc6 10. O-O Qb6 11. Qb3 Ba6 12. Bxa6 Qxa6 13. Qc2 Rab8 14. Nd2
Qb5 15. Rab1 Nh5 16. Qe4 Nxf4 0-1

[Event "Madrid ch - Previa A"]
[Site "Madrid ESP"]
[Date "2007.11.13"]
[Round "5.7"]
[White "Camarero Izquierdo, Juan Carlos"]
[Black "Maseda, Luis"]
[Result "1-0"]
[WhiteElo "2008"]
[BlackElo "1976"]
[PlyCount "61"]
[EventDate "2007.11.05"]
[EventType "swiss"]
[EventRounds "9"]
[EventCountry "ESP"]
[Source "lmi"]
[SourceDate "2007.11.05"]

1. e4 e6 2. d4 d5 3. e5 c5 4. c3 Qb6 5. Nf3 Bd7 6. Bd3 Bb5 7. O-O Nc6 8. Bxb5
Qxb5 9. Ng5 Nge7 10. Na3 Qb6 11. dxc5 Qxc5 12. Be3 Qa5 13. Qe2 Ng6 14. Nb5 Qd8
15. f4 Be7 16. Qh5 a6 17. Nd4 Bxg5 18. Nxc6 bxc6 19. fxg5 Qc7 20. b4 O-O-O 21.
Qe2 Kb7 22. Bd4 Rd7 23. a4 Qd8 24. b5 Qa5 25. bxa6+ Ka8 26. Rfb1 Rb8 27. Rxb8+
Kxb8 28. Rb1+ Ka8 29. Qb2 Qc7 30. a7 c5 31. Qb8+ 1-0

[Event "Madrid ch - Previa A"]
[Site "Madrid ESP"]
[Date "2007.11.13"]
[Round "5.8"]
[White "Diaz Begonte, Manuel"]
[Black "Sotnikov, Taras"]
[Result "1-0"]
[WhiteElo "1868"]
[BlackElo "1936"]
[PlyCount "99"]
[EventDate "2007.11.05"]
[EventType "swiss"]
[EventRounds "9"]
[EventCountry "ESP"]
[Source "lmi"]
[SourceDate "2007.11.05"]

1. e4 e5 2. d4 exd4 3. f4 d5 4. e5 c5 5. Nf3 Nc6 6. b3 Be7 7. Bd3 Nh6 8. O-O
Nf5 9. Qe1 O-O 10. a3 Rb8 11. g4 Ne3 12. Bxe3 dxe3 13. h3 d4 14. Qg3 f6 15.
exf6 Bxf6 16. g5 Be7 17. Nh4 Bd6 18. Bc4+ Rf7 19. g6 hxg6 20. Qxg6 Qf6 21.
Bxf7+ Qxf7 22. Qxd6 Bxh3 23. Rf3 Bg4 24. Rg3 Qh5 25. Qg6 Qxh4 26. Qxg4 Qe7 27.
Qe2 Re8 28. a4 d3 29. cxd3 Nd4 30. Qe1 Nc2 31. Qe2 Nxa1 32. Nc3 Nxb3 33. Ne4
Nd4 34. Qa2+ Qe6 35. Qg2 Re7 36. Rxe3 b6 37. Rg3 Nf5 38. Rg5 c4 39. Rg6 Qc8 40.
Nf6+ Kf7 41. Nh5 Qf8 42. Rg5 Ne3 43. Qc6 Kg8 44. Nf6+ Kf7 45. Nh7 Qd8 46. Qg6+
Kg8 47. Nf6+ Kf8 48. Qh7 Rf7 49. Qg8+ Ke7 50. Re5+ 1-0

[Event "Madrid ch - Previa A"]
[Site "Madrid ESP"]
[Date "2007.11.14"]
[Round "6.1"]
[White "Vallejo Nuño, Jorge"]
[Black "Vukotic Jovsic, Dragan"]
[Result "1/2-1/2"]
[WhiteElo "1993"]
[BlackElo "2035"]
[PlyCount "116"]
[EventDate "2007.11.05"]
[EventType "swiss"]
[EventRounds "9"]
[EventCountry "ESP"]
[Source "lmi"]
[SourceDate "2007.11.05"]

1. e4 c5 2. Nf3 d6 3. d4 cxd4 4. Nxd4 Nf6 5. Nc3 g6 6. f4 Nc6 7. Nxc6 bxc6 8.
Qf3 Qc7 9. Bc4 Bg7 10. O-O O-O 11. Bb3 a5 12. a4 e6 13. Be3 d5 14. Bc5 Ba6 15.
Bxf8 Bxf8 16. Rfd1 Qb6+ 17. Kh1 Bb4 18. exd5 exd5 19. h3 Bxc3 20. Qxc3 Ne4 21.
Qd4 Ng3+ 22. Kh2 Qxd4 23. Rxd4 Ne2 24. Rd2 Nxf4 25. Re1 Ne6 26. c3 Rb8 27. Bc2
Rxb2 28. Rb1 Ra2 29. Kg1 Nc5 30. Rb8+ Kg7 31. Rf2 Ra1+ 32. Kh2 Nxa4 33. Ra8 Nc5
34. Re8 f5 35. g4 fxg4 36. hxg4 Rf1 37. Re7+ Kh6 38. g5+ Kxg5 39. Rg2+ Kf6 40.
Rxh7 Bd3 41. Bxd3 Nxd3 42. Ra2 Rf2+ 43. Rxf2+ Nxf2 44. Rc7 Ng4+ 45. Kg3 Ne5 46.
Ra7 Kf5 47. Rxa5 Ke4 48. Ra4+ Nc4 49. Ra6 Ne5 50. Ra4+ Nc4 51. Ra6 Ne5 52. Ra4+
Kd3 53. Kf4 Nc4 54. Ra6 Kxc3 55. Rxc6 d4 56. Rxg6 d3 57. Rg3 Kc2 58. Rxd3 Kxd3
1/2-1/2

[Event "Madrid ch - Previa A"]
[Site "Madrid ESP"]
[Date "2007.11.14"]
[Round "6.2"]
[White "Sanchez Alvarez, Jorge"]
[Black "Alvarez Abejon, Amilcar"]
[Result "1-0"]
[WhiteElo "2028"]
[BlackElo "2076"]
[PlyCount "93"]
[EventDate "2007.11.05"]
[EventType "swiss"]
[EventRounds "9"]
[EventCountry "ESP"]
[Source "lmi"]
[SourceDate "2007.11.05"]

1. c4 e5 2. g3 Nc6 3. Bg2 f5 4. Nc3 Nf6 5. d3 Bb4 6. Bd2 O-O 7. Nf3 a6 8. Nd5
Bxd2+ 9. Qxd2 d6 10. O-O Ne7 11. Nxf6+ Rxf6 12. e4 fxe4 13. dxe4 Bg4 14. Ne1
Qd7 15. f3 Be6 16. b3 Nc6 17. Nc2 Raf8 18. f4 exf4 19. Rxf4 Rxf4 20. gxf4 Bh3
21. f5 Bxg2 22. Qxg2 Qe7 23. Ne3 Qe5 24. Rd1 Ne7 25. Ng4 Qc5+ 26. Kh1 h5 27.
Nf2 Qe3 28. Rg1 Qd4 29. Nh3 Rf7 30. Ng5 Qf6 31. Nxf7 Qxf7 32. Qg5 Kf8 33. Rf1
Ng8 34. Qd8+ Qe8 35. Qxe8+ Kxe8 36. h3 Kf7 37. Kg2 Kf6 38. Kf3 Ne7 39. Rg1 Nc6
40. Rg6+ Kf7 41. Rg5 Nb4 42. Ke3 Nxa2 43. Kd2 Nb4 44. Rxh5 Nc6 45. Rh8 Ne7 46.
Rb8 b6 47. Rb7 1-0

[Event "Madrid ch - Previa A"]
[Site "Madrid ESP"]
[Date "2007.11.14"]
[Round "6.4"]
[White "Lopez Heras, Arturo"]
[Black "Cortes Jurado, Rafael"]
[Result "1-0"]
[WhiteElo "2072"]
[BlackElo "2086"]
[PlyCount "79"]
[EventDate "2007.11.05"]
[EventType "swiss"]
[EventRounds "9"]
[EventCountry "ESP"]
[Source "lmi"]
[SourceDate "2007.11.05"]

1. e4 c5 2. Nf3 d6 3. d4 cxd4 4. Nxd4 Nf6 5. Nc3 a6 6. g3 e5 7. Nde2 Be6 8. Bg2
Be7 9. O-O O-O 10. h3 Qc7 11. g4 Nc6 12. Ng3 Nd4 13. Be3 Nb5 14. Nd5 Nxd5 15.
exd5 Bd7 16. Rc1 Qd8 17. c4 Na7 18. Qd2 Nc8 19. b4 g6 20. c5 Bb5 21. Rfe1 b6
22. c6 Ba4 23. Ne4 f5 24. Nc3 f4 25. Nxa4 fxe3 26. fxe3 b5 27. Nb2 Qc7 28. Rf1
Nb6 29. Rxf8+ Rxf8 30. Rf1 Rxf1+ 31. Kxf1 Bf6 32. Qf2 Bg7 33. e4 Bh6 34. h4 Bf4
35. g5 h6 36. gxh6 Bxh6 37. Bh3 Kg7 38. h5 Qf7 39. Qxf7+ Kxf7 40. c7 1-0

[Event "Madrid ch - Previa A"]
[Site "Madrid ESP"]
[Date "2007.11.14"]
[Round "6.5"]
[White "Martin-Consuegra Barrilero, Francisco Javier"]
[Black "Camarero Izquierdo, Juan Carlos"]
[Result "0-1"]
[WhiteElo "1918"]
[BlackElo "2008"]
[PlyCount "104"]
[EventDate "2007.11.05"]
[EventType "swiss"]
[EventRounds "9"]
[EventCountry "ESP"]
[Source "lmi"]
[SourceDate "2007.11.05"]

1. d4 d5 2. Bg5 h6 3. Bh4 c6 4. e3 Qb6 5. b3 Bf5 6. Bd3 Bxd3 7. Qxd3 Nd7 8. Bg3
Ngf6 9. Ne2 Ne4 10. f3 Nxg3 11. Nxg3 e6 12. O-O c5 13. c3 Bd6 14. f4 f5 15. Nd2
Rc8 16. Nf3 c4 17. Qc2 cxb3 18. axb3 O-O 19. c4 a6 20. Rfc1 Rc7 21. Qd1 Rfc8
22. Ne5 Nxe5 23. fxe5 Be7 24. c5 Qc6 25. b4 Qe8 26. Ra5 Qg6 27. b5 axb5 28.
Rxb5 Ra8 29. Rcb1 Ra7 30. Ne2 Qf7 31. Rb6 Bg5 32. Nf4 Rc6 33. Qb3 Bxf4 34. exf4
Rc7 35. Rd6 Ra6 36. Rxa6 bxa6 37. Qb6 Kh7 38. Qxa6 Ra7 39. Qe2 Ra4 40. Qd2 Qa7
41. h3 Ra2 42. Rb2 Ra1+ 43. Kh2 Qa6 44. Rb6 Qf1 45. Rxe6 Rd1 46. Qxd1 Qxd1 47.
c6 Qxd4 48. g3 Qf2+ 49. Kh1 Qxg3 50. c7 Qf3+ 51. Kg1 Qe3+ 52. Kg2 Qd2+ 0-1

[Event "Madrid ch - Previa A"]
[Site "Madrid ESP"]
[Date "2007.11.14"]
[Round "6.6"]
[White "Perez Cameselle, Francisco Jose"]
[Black "Diaz Begonte, Manuel"]
[Result "1-0"]
[WhiteElo "1997"]
[BlackElo "1868"]
[PlyCount "53"]
[EventDate "2007.11.05"]
[EventType "swiss"]
[EventRounds "9"]
[EventCountry "ESP"]
[Source "lmi"]
[SourceDate "2007.11.05"]

1. Nf3 d5 2. g3 Nf6 3. Bg2 c6 4. O-O Nbd7 5. d3 e5 6. Nbd2 Bd6 7. e4 O-O 8. Re1
dxe4 9. dxe4 Nb6 10. Qe2 Bg4 11. h3 Be6 12. b3 Qc7 13. Bb2 c5 14. c4 a5 15. a4
h6 16. Nb1 Bd7 17. Nc3 Rfe8 18. Rad1 Bc6 19. Nh4 Rad8 20. Nf5 Be7 21. Nd5 Bxd5
22. exd5 Bd6 23. Nxd6 Qxd6 24. Bxe5 Qe7 25. Qd2 Nbxd5 26. cxd5 Rxd5 27. Bxd5
1-0

[Event "Madrid ch - Previa A"]
[Site "Madrid ESP"]
[Date "2007.11.14"]
[Round "6.11"]
[White "Maseda, Luis"]
[Black "Sotnikov, Taras"]
[Result "1/2-1/2"]
[WhiteElo "1976"]
[BlackElo "1936"]
[PlyCount "88"]
[EventDate "2007.11.05"]
[EventType "swiss"]
[EventRounds "9"]
[EventCountry "ESP"]
[Source "lmi"]
[SourceDate "2007.11.05"]

1. d4 d5 2. c4 e6 3. Nc3 Nf6 4. cxd5 exd5 5. Bg5 Be7 6. e3 c6 7. Bd3 O-O 8. Qc2
Nbd7 9. Nge2 Re8 10. O-O-O Nf8 11. f3 b6 12. Kb1 c5 13. Nf4 c4 14. Bf5 Be6 15.
Nxe6 fxe6 16. Bh3 Nh5 17. Bxe7 Rxe7 18. g4 Nf6 19. g5 Ne8 20. Bg4 Rb7 21. e4
Qxg5 22. h4 Qd8 23. Rdg1 Nf6 24. e5 Nxg4 25. Rxg4 Rf7 26. Rhg1 Qe7 27. Nb5 g6
28. h5 Rg7 29. Nd6 g5 30. f4 h6 31. f5 Nh7 32. f6 Nxf6 33. exf6 Qxf6 34. Qe2
Rf8 35. Qe5 Qxe5 36. dxe5 Rf3 37. R1g3 Rxg3 38. Rxg3 g4 39. Ne8 Rg5 40. Rxg4
Kf7 41. Rxg5 hxg5 42. Nf6 Kg7 43. Ng4 b5 44. Kc2 b4 1/2-1/2

[Event "Madrid ch - Previa A"]
[Site "Madrid ESP"]
[Date "2007.11.19"]
[Round "7.1"]
[White "Martin Martin, Luis Vicente"]
[Black "Vallejo Nuño, Jorge"]
[Result "1-0"]
[WhiteElo "2089"]
[BlackElo "1993"]
[PlyCount "59"]
[EventDate "2007.11.05"]
[EventType "swiss"]
[EventRounds "9"]
[EventCountry "ESP"]
[Source "lmi"]
[SourceDate "2007.11.05"]

1. e4 e5 2. d4 exd4 3. Qxd4 Nc6 4. Qe3 Nf6 5. Nc3 Nb4 6. Qe2 d5 7. e5 Ng4 8. a3
Nc6 9. Bf4 Nd4 10. Qd2 c5 11. Nf3 Nxf3+ 12. gxf3 d4 13. O-O-O Nh6 14. Bb5+ Bd7
15. e6 fxe6 16. Rhe1 Kf7 17. Bxd7 Qxd7 18. Bxh6 gxh6 19. Qf4+ Ke7 20. Ne4 Qd5
21. Qc7+ Qd7 22. Qxc5+ Kd8 23. Qe5 Bg7 24. Nf6 Bxf6 25. Qxf6+ Kc7 26. Rxd4 Qb5
27. Qe7+ Kc8 28. Qxe6+ Kb8 29. Qd6+ Kc8 30. Rd5 1-0

[Event "Madrid ch - Previa A"]
[Site "Madrid ESP"]
[Date "2007.11.19"]
[Round "7.2"]
[White "Vukotic Jovsic, Dragan"]
[Black "Lopez Heras, Arturo"]
[Result "1-0"]
[WhiteElo "2035"]
[BlackElo "2072"]
[PlyCount "95"]
[EventDate "2007.11.05"]
[EventType "swiss"]
[EventRounds "9"]
[EventCountry "ESP"]
[Source "lmi"]
[SourceDate "2007.11.05"]

1. d4 Nf6 2. Bf4 e6 3. e3 c5 4. Nf3 Qb6 5. Nc3 a6 6. Na4 Qa5+ 7. c3 cxd4 8.
exd4 b5 9. Nc5 Bxc5 10. dxc5 b4 11. cxb4 Qxb4+ 12. Qd2 Nc6 13. Rc1 O-O 14. Qxb4
Nxb4 15. a3 Nc6 16. Bd6 Re8 17. Bc4 Ne4 18. O-O Nxd6 19. cxd6 a5 20. Bb5 Bb7
21. Rfe1 f6 22. Nd2 Red8 23. Ne4 Nd4 24. Ba4 Bxe4 25. Rxe4 Nf5 26. Rc7 Kf7 27.
Bxd7 Nxd6 28. Bxe6+ Kf8 29. Re1 Re8 30. Kf1 Rab8 31. Re2 Rbd8 32. f4 Rb8 33. f5
Rb7 34. Rec2 Re7 35. R7c6 Nb5 36. Rd2 Na7 37. Ra6 Rec7 38. Rxa5 Ke7 39. b4 Rc1+
40. Kf2 Nb5 41. a4 Nc3 42. Bd5 Rxb4 43. Ra7+ Kd6 44. Bf3+ Ke5 45. g4 Rxa4 46.
Rxa4 Nxa4 47. Rd5+ Kf4 48. Rd4+ 1-0

[Event "Madrid ch - Previa A"]
[Site "Madrid ESP"]
[Date "2007.11.19"]
[Round "7.3"]
[White "Rodriguez Bachiller, Luis"]
[Black "Sanchez Alvarez, Jorge"]
[Result "1-0"]
[WhiteElo "1871"]
[BlackElo "2028"]
[PlyCount "61"]
[EventDate "2007.11.05"]
[EventType "swiss"]
[EventRounds "9"]
[EventCountry "ESP"]
[Source "lmi"]
[SourceDate "2007.11.05"]

1. Nf3 Nf6 2. c4 c5 3. b3 g6 4. Bb2 Bg7 5. g3 Nc6 6. Bg2 O-O 7. O-O Rb8 8. Na3
a6 9. Nc2 b5 10. cxb5 axb5 11. Ne5 Nxe5 12. Bxe5 d6 13. Bc3 Bb7 14. Ne1 d5 15.
d3 d4 16. Bd2 Nd5 17. Nc2 Nc3 18. Bxc3 dxc3 19. Bxb7 Rxb7 20. a3 Rd7 21. Qe1
Qb6 22. b4 c4 23. dxc4 bxc4 24. Rd1 Rfd8 25. Rxd7 Rxd7 26. Qc1 Qd4 27. Nxd4
Bxd4 28. e3 Bg7 29. Rd1 Rd3 30. Kf1 Kf8 31. Ke2 1-0

[Event "Madrid ch - Previa A"]
[Site "Madrid ESP"]
[Date "2007.11.19"]
[Round "7.4"]
[White "Alvarez Abejon, Amilcar"]
[Black "Garcia Gonzalez, Pedro"]
[Result "1-0"]
[WhiteElo "2076"]
[BlackElo "1921"]
[PlyCount "67"]
[EventDate "2007.11.05"]
[EventType "swiss"]
[EventRounds "9"]
[EventCountry "ESP"]
[Source "lmi"]
[SourceDate "2007.11.05"]

1. e4 e5 2. Nf3 Nc6 3. Bb5 a6 4. Ba4 Nf6 5. O-O Be7 6. Re1 b5 7. Bb3 O-O 8. c3
d5 9. d4 dxe4 10. Nxe5 Bb7 11. Nd2 Na5 12. Bc2 c5 13. Nxe4 cxd4 14. Nxf6+ Bxf6
15. cxd4 Rc8 16. Bf4 Nc4 17. Bf5 Nxb2 18. Qg4 Rc4 19. Nxc4 Nxc4 20. Be5 Qb6 21.
Rad1 Nb2 22. Rc1 Nc4 23. Bd3 Bxe5 24. dxe5 Bd5 25. h4 g6 26. h5 Qe6 27. Qxe6
Bxe6 28. h6 Rd8 29. Bxc4 Bxc4 30. Red1 Rc8 31. Rd6 a5 32. a4 Re8 33. Rb6 Be2
34. axb5 1-0

[Event "Madrid ch - Previa A"]
[Site "Madrid ESP"]
[Date "2007.11.19"]
[Round "7.5"]
[White "Camarero Izquierdo, Juan Carlos"]
[Black "Perez Cameselle, Francisco Jose"]
[Result "0-1"]
[WhiteElo "2008"]
[BlackElo "1997"]
[PlyCount "68"]
[EventDate "2007.11.05"]
[EventType "swiss"]
[EventRounds "9"]
[EventCountry "ESP"]
[Source "lmi"]
[SourceDate "2007.11.05"]

1. e4 c5 2. Nf3 Nc6 3. d4 cxd4 4. Nxd4 g6 5. Nxc6 bxc6 6. Qd4 Nf6 7. e5 Ng8 8.
e6 Nf6 9. exf7+ Kxf7 10. Nc3 Bg7 11. Qh4 d5 12. Bh6 Qb6 13. O-O-O Rb8 14. Bxg7
Kxg7 15. Na4 Qa5 16. a3 Bg4 17. f3 Qxa4 18. fxg4 Qxg4 19. Qf2 Rb6 20. Rd4 Qg5+
21. Kb1 Rhb8 22. Rb4 Rxb4 23. axb4 Rxb4 24. Qc5 Re4 25. Bd3 Re6 26. g3 Qe3 27.
Qa5 Ne4 28. Qd8 Nf2 29. Rf1 Rf6 30. Ba6 c5 31. Bb7 d4 32. Bd5 Rf8 33. Qc7 d3
34. Rxf2 Rxf2 0-1

[Event "Madrid ch - Previa A"]
[Site "Madrid ESP"]
[Date "2007.11.19"]
[Round "7.10"]
[White "Diaz Begonte, Manuel"]
[Black "Martin-Consuegra Barrilero, Francisco Javier"]
[Result "1-0"]
[WhiteElo "1868"]
[BlackElo "1918"]
[PlyCount "53"]
[EventDate "2007.11.05"]
[EventType "swiss"]
[EventRounds "9"]
[EventCountry "ESP"]
[Source "lmi"]
[SourceDate "2007.11.05"]

1. e4 d5 2. exd5 Qxd5 3. Nc3 Qd6 4. Nf3 Nf6 5. d4 a6 6. Bc4 Bg4 7. Be3 e6 8. h3
Bh5 9. g4 Qc6 10. Be2 Bg6 11. O-O Nbd7 12. Nd2 Nb6 13. Bf3 Nfd5 14. Nxd5 exd5
15. Rc1 O-O-O 16. c4 Qd7 17. c5 Nc4 18. Nxc4 dxc4 19. Rxc4 c6 20. Qa4 f5 21. d5
cxd5 22. c6 Qe6 23. cxb7+ Kxb7 24. Rfc1 Be8 25. Qb3+ Ka8 26. Rc7 Bb5 27. Bxd5+
1-0